Alle Bahnhöfe im Saarland (SPNV) - Statistiken

Allgemein
  • Dieses Quiz wurde 113 mal gespielt
  • Das Durchschnittsergebnis liegt bei 31 aus 71
Antwortstatistiken
Station % Korrekt
Saarbrücken Hauptbahnhof
98%
Homburg (Saar) Hauptbahnhof
97%
Neunkirchen (Saar) Hauptbahnhof
94%
Völklingen
94%
Merzig (Saar)
92%
Saarlouis Hauptbahnhof
89%
St. Ingbert
89%
Illingen (Saar)
85%
St. Wendel
85%
Dillingen (Saar)
79%
Mettlach
73%
Ottweiler (Saar)
73%
Lebach
68%
Saarbrücken Ost
63%
Bous (Saar)
60%
Perl
55%
Blieskastel-Lautzkirchen
53%
Türkismühle
50%
Bexbach
48%
Saarbrücken-Burbach
48%
Kirkel
45%
Sulzbach (Saar)
45%
Lebach-Jabach
44%
Beckingen (Saar)
42%
Ensdorf (Saar)
42%
Luisenthal (Saar)
42%
Schafbrücke
42%
Scheidt (Saar)
42%
Eppelborn
40%
Friedrichsthal (Saar)
40%
Rohrbach (Saar)
40%
Burbach Mitte
39%
Limbach (b Homburg Saar)
39%
Nohfelden
39%
Saarhölzbach
37%
Dudweiler
35%
Einöd (Saar)
35%
Neunkirchen (Saar)-Wellesweiler
35%
Quierschied
35%
Merzig (Saar) Stadtmitte
34%
Niedaltdorf
34%
Jägersfreude
32%
Merchweiler
32%
Fischbach-Camphausen
31%
Hassel (Saar)
31%
Landsweiler-Reden
29%
Nennig
29%
Siersburg
29%
Bildstock
27%
Bubach
27%
Niederlinxweiler
27%
Oberlinxweiler
27%
Schiffweiler
27%
Dirmingen
26%
Fremersdorf
26%
Friedrichsthal (Saar) Mitte
26%
Gennweiler
26%
Wemmetsweiler Rathaus
26%
Würzbach (Saar)
26%
Rentrisch
24%
Wiebelskirchen
24%
Wustweiler
24%
Besseringen
23%
Bierbach
23%
Hemmersdorf (Saar)
23%
Namborn
23%
Sulzbach (Saar) Altenwald
23%
Walhausen (Saar)
19%
Baltersweiler
18%
Besch
16%
Hofeld
16%
Keine übereinstimmenden Quizze gefunden
Verteilung der Resultate
Anzahl Personen mit jedem Resultat
Perzentil nach korrekt beantworteten Fragen
Ihre Resultats-Entwicklung
Sie haben dieses Quiz noch nicht gespielt